Countries that Start with B - Map Quiz - Statistics

General Stats
  • This quiz has been taken 128 times
  • The average score is 15 of 17
Answers on the Map
Answers color-coded by a green-red scale on the quiz's map according to % correct below.
 
Answer Stats
Country % Correct
Brazil
99%
Belarus
97%
Bolivia
97%
Bahamas
95%
Belgium
95%
Bangladesh
94%
Bosnia and Herzegovina
93%
Botswana
93%
Bulgaria
93%
Belize
92%
Bhutan
91%
Bahrain
89%
Barbados
89%
Benin
88%
Burkina Faso
83%
Burundi
83%
Brunei
66%
No matching quizzes found
Score Distribution
Percent of People with Each Score
Percentile by Number Answered
Your Score History
You have not taken this quiz